سرگرمیاں / (Record no. 106517)

MARC details
000 -LEADER
fixed length control field 00806nam a22002537a 4500
005 - DATE AND TIME OF LATEST TRANSACTION
control field 20170123162313.0
010 ## - LIBRARY OF CONGRESS CONTROL NUMBER
LC control number B-052016
020 ## - INTERNATIONAL STANDARD BOOK NUMBER
Terms of availability 35.00
035 ## - SYSTEM CONTROL NUMBER
System control number B-052016
037 ## - SOURCE OF ACQUISITION
Source of stock number/acquisition Cen Lib/Ret
040 ## - CATALOGING SOURCE
Original cataloging agency DPL
Language of cataloging UR
082 ## - DEWEY DECIMAL CLASSIFICATION NUMBER
Classification number ک
Item number م ت ر
100 ## - MAIN ENTRY--PERSONAL NAME
Personal name مترا پھوکن
9 (RLIN) 112799
245 ## - TITLE STATEMENT
Title سرگرمیاں /
Statement of responsibility, etc مترا پھوکن ؛ ترجمہ سید ظفر السلام
246 ## - VARYING FORM OF TITLE
Title proper/short title Sargarmiyan /
Remainder of title by Mitra Phokan ; tarjuma Sayyed Zafar Alislam
260 ## - PUBLICATION, DISTRIBUTION, ETC. (IMPRINT)
Name of publisher, distributor, etc چلڈرن بک ٹرسٹ
300 ## - PHYSICAL DESCRIPTION
Extent 167p.
Dimensions 21cm(pbk)
650 ## - SUBJECT ADDED ENTRY--TOPICAL TERM
Topical term or geographic name as entry element اردو ادب
9 (RLIN) 112800
650 ## - SUBJECT ADDED ENTRY--TOPICAL TERM
Topical term or geographic name as entry element ارد و افسانے
9 (RLIN) 112801
650 ## - SUBJECT ADDED ENTRY--TOPICAL TERM
Topical term or geographic name as entry element Urdu literature
9 (RLIN) 112802
650 ## - SUBJECT ADDED ENTRY--TOPICAL TERM
Topical term or geographic name as entry element Urdu stories
9 (RLIN) 112803
700 ## - ADDED ENTRY--PERSONAL NAME
Personal name سید ظفر السلام
9 (RLIN) 53613
942 ## - ADDED ENTRY ELEMENTS (KOHA)
Source of classification or shelving scheme Dewey Decimal Classification
Koha item type Urdu Bks
Classification part ک
Call number suffix م ت ر
Holdings
Withdrawn status Lost status Damaged status Not for loan Home library Current library Date acquired Source of acquisition Cost, normal purchase price Total Checkouts Total Renewals Full call number Barcode Date last seen Date checked out Copy number Cost, replacement price Price effective from Koha item type
        Central Library Central Library 23/12/2015 Cen Lib/Ret 35.00 2 1 ک م ت ر B-052016 31/01/2020 01/01/2020 1 35.00 15/09/2016 Urdu Bks

© Delhi Public Library
Hit Counter
free hit counter